000 00686nam a2200217Ia 4500
003 GCL
005 20240530105023.0
008 140319s9999 xx 000 0 ara d
040 _aGCL /
_cGCL
082 0 4 _a657
_bخ ا
100 1 _aخالد امين عبدالله
245 1 0 _aاصول المحاسبة /
_cخالد امين عبدالله
260 _a[S.N] :
_bمركز الكتب الاردنى ،
_c1990
300 _a450 ص
650 0 4 _aالمحاسبة
700 1 _aفوزى عبدالرحيم غرايبة
700 1 _aهانى محمود ابو جبارة
700 1 _aسليمان حسن عطية
700 1 _aنقيم حسنى وهمش
942 _2ddc
_cBK
999 _c52557
_d52557